000 01042cam a22003013a 4500
001 27610
003 PGUSA
005 20140828083610.0
008 081225s2008||||xxu|||||s|||||000 | eng d
040 _aPGUSA
_beng
042 _adc
050 4 _aQC
100 1 _aFranklin, Benjamin,
_d1706-1790
245 1 0 _aExpériences et observations sur l'électricité faites à Philadelphie en Amérique
_h[electronic resource] /
_cBenjamin Franklin
260 _bProject Gutenberg,
_c2008
506 _aPublic domain in the USA.
516 _aElectronic text
653 _aElectricity -- History
653 _aElectricity -- Early works to 1850
653 _aNollet, abbé (Jean Antoine), 1700-1770. Lettres sur l'électricité
700 1 _aColden, David,
_d1733-1784
700 1 _aCanton, John,
_d1718-1772
700 1 _aDalibard, Thomas François,
_d1703-1799
740 0 _aExperiments and observations on electricity. French
830 0 _aProject Gutenberg
_v27610
856 4 0 _uhttp://www.gutenberg.org/ebooks/27610
942 _cEB
999 _c256865
_d256865